| 000 | 00654nam a2200253 a 4500 | ||
|---|---|---|---|
| 999 |
_c12263 _d12263 |
||
| 001 | 12263 | ||
| 003 | BD-JhCC | ||
| 005 | 20210916125117.0 | ||
| 008 | 210916b2004 nyu |||| ||a| 000 0 eng d | ||
| 020 | _a996095627x | ||
| 035 | _a(BD-JhCC)12263 | ||
| 040 |
_aBD-JhCC _dBD-JhCC |
||
| 041 | _aenglish | ||
| 082 |
_a297.648 _bSHA 2004 |
||
| 100 | _ashanawi,Abdul Aziz Ash | ||
| 245 |
_aAdvisors Of The Prophet / _cAbdul Aziz Ash-shanawi |
||
| 260 |
_aLondon: _bDarussalam; _c2004. |
||
| 300 |
_a173 p. : _c22 cm. |
||
| 600 | _aMuhammad, Prophet | ||
| 650 | _aFriends and associates | ||
| 650 | _aFriendship | ||
| 942 |
_2ddc _cBK |
||